| 000 | 00000cam 2200000zi 4500 |
| 001 | 9.838694 |
| 003 | CaOODSP |
| 005 | 20260506144838 |
| 006 | m o d f |
| 007 | cr ||||||||||| |
| 008 | 170816e197006##oncac o f000 0 eng d |
| 040 | |aCaOODSP|beng|erda|cCaOODSP |
| 043 | |an-cn-mb |
| 086 | 1 |aR44-43/1970E-PDF |
| 100 | 1 |aMcDowell, Marilyn E. |q(Marilyn Eleanor)|eauthor. |
| 245 | 12|aA follow-up of 1967-69 graduates of the Churchill Vocational Centre, Fort Churchill, Manitoba / |cprepared by M.E. McDowell ; data collected by R.F. Ritcey. |
| 260 | |aOttawa : |bNorthern Services Division, Northern Economic Development Branch, Department of Indian Affairs and Northern Development,|cJune 1970. |
| 300 | |a1 online resource (24 unnumbered pages) : |b illustrations, portraits |
| 500 | |aDigitized edition from print [produced by Indigenous and Northern Affairs Canada]. |
| 650 | 0|aCollege graduates|zArctic regions. |
| 650 | 0|aVocational training centers|zArctic regions. |
| 650 | 6|aCentres de formation professionnelle|zArctique. |
| 651 | 0|aChurchill Vocatonal Centre|xGraduate students. |
| 710 | 1 |aCanada. |bIndian and Northern Affairs Canada, |eissuing body. |
| 856 | 40|qPDF|s5759 KB|uhttps://publications.gc.ca/collections/collection_2026/rcaanc-cirnac/R44-43-1970-eng.pdf |